000
00335nam a2200145Ia 4500
008
191201s2011 xx 000 0 und d
082
_a
620.112
_b
RYS
100
_a
RYDER, G.H
245
0
_a
Strength of Materials
250
_a
Rep
260
_a
N.Delhi
_b
Macmillan
_c
2011
300
_a
340
650
_a
B.Tech(ME)
942
_2
ddc
_c
BK
_0
1
999
_c
5209
_d
5209